| 000 | 00554nam a2200157 a 4500 | ||
|---|---|---|---|
| 001 | 000027854 | ||
| 005 | 20200930031141.0 | ||
| 008 | 110405s1979 dr a 000 0 spa d | ||
| 040 |
_aDO-SdBNP _bspa _cBNPHU |
||
| 082 |
_axxxx _bS471 |
||
| 111 | 1 |
_aSeminario-taller de fruticultura _n(1er _d1979, jun. 18-22 : _cSanto Domingo) _954927 |
|
| 245 | 1 | 0 | _aFruticultura Dominicana. |
| 260 |
_aSanto Domingo : _bSecretarÃa de Estado de Agricultura, Programa Integrado de Desarrollo FrutÃcola (PIFRU), _c1979. |
||
| 300 |
_a133 p. : _bil. ; _c28 cm. |
||
| 049 | _aBNPD | ||
| 999 |
_c27346 _d27346 |
||